Vplyv príjmových nerovností domácností na spotrebu v krajinách eurozóny diplomová práca

Gespeichert in:
Bibliographische Detailangaben
1. Verfasser: Traljić, Michelle
Körperschaft: Národohospodárska fakulta EU. Katedra bankovníctva a medzinárodných financií
Weitere Verfasser: Kotlebová, Jana, 1969-
Format: Buch
Sprache:Slowakisch
Veröffentlicht: Bratislava 2020
Tags: Tag hinzufügen
Keine Tags, Fügen Sie das erste Tag hinzu!

MARC

LEADER 00000nbm a2200000 4500
001 0268024
005 20211029084326.6
041 0 |a slo 
044 |a SK 
245 1 0 |a Vplyv príjmových nerovností domácností na spotrebu v krajinách eurozóny  |b diplomová práca  |c Michelle Traljić ; školiteľ: Jana Kotlebová 
264 1 |a Bratislava  |c 2020 
300 |a 78 s. 
100 1 |a Traljić, Michelle 
700 1 |a Kotlebová, Jana, 1969- 
710 2 |a Národohospodárska fakulta EU. Katedra bankovníctva a medzinárodných financií